Motivación del personal como herramienta para mejorar la productividad de los trabajadores en proyectos de construcción
Zapisane w:
| 1. autor: | |
|---|---|
| Format: | Książka |
| Język: | Spanish |
| Wydane: |
[San José], Costa Rica
2013
|
| Hasła przedmiotowe: | |
| Etykiety: |
Dodaj etykietę
Nie ma etykietki, Dołącz pierwszą etykiete!
|
MARC
| LEADER | 00000nam a22000007a 4500 | ||
|---|---|---|---|
| 003 | 011603 | ||
| 005 | 20221231143920.0 | ||
| 008 | 151015b2013 cr a|||| |||| 00| 0 spa d | ||
| 040 | |c cru CEDI | ||
| 090 | |a TFG 6774 | ||
| 100 | |9 1547 |a Sánchez Aguilar, Juan Rafael | ||
| 245 | |a Motivación del personal como herramienta para mejorar la productividad de los trabajadores en proyectos de construcción | ||
| 260 | |a [San José], Costa Rica |c 2013 | ||
| 500 | |a Proyecto de graduación (licenciatura en ingeniería civil)--Universidad de Costa Rica. Facultad de Ingeniería. Escuela de Ingeniería Civil | ||
| 650 | |x MOTIVACION DEL EMPLEADO |x TRABAJADORES DE LA CONSTRUCCION - COSTA RICA |x MOTIVACION PARA EL RENDIMIENTO |9 1548 | ||
| 942 | |c TFG | ||
| 999 | |c 14170 |d 14170 | ||
